Bir Türk ailesinin 450 yıllık öyküsü (Record no. 4812)

MARC details
000 -BAŞLIK
Sabit Uzunlukta Kontrol Alanı 00907na a2200265 4500
001 - KONTROL NUMARASI
Denetim Alanı 14994
003 - KONTROL NUMARASI IDENTIFIER
Denetim Alanı MIRAKIL
005 - SON İŞLEM TARİHİ VE ZAMANI
Denetim Alanı 20181213155019.0
008 - SABİT-BOY VERİ ELEMANLARI - GENEL BİLGİLER
Sabit Uzunlukta Kontrol Alanı 161102b tu 000 0
020 ## - ULUSLARARASI STANDART KİTAP NUMARASI
Uluslararası Standart Kitap Numarası 9754375437
035 ## - SİSTEM KONTROL NUMARASI
Sistem Kontrol Numarası 14994
040 ## - KATALOGLAMA KAYNAK
Orijinal Kataloglama Ajansı Milas
Kataloglama Dili tur
Metne Dönüştürmek Ajansı TR-AnCHP
082 ## - DEWEY ONLU SINIFLANDIRMA NUMARASI
Sınıflandırma Numarası 929.2 Kocamemi,F.B.
Ürün Numarası K61b 2005
090 ## - SINIFLAMA NUMARASI
Sınıflama Numarası 929.2 Kocamemi,F.B. K61b 2005
100 ## - ANA GİRİŞ - KİŞİSEL İSİM
Kişisel Ad Kocamemi, Fazıl Bülent
Bir Adıyla İlişkilendirilen Tarihler 1946 -
245 ## - BAŞLIK TABLOSU
Başlık Bir Türk ailesinin 450 yıllık öyküsü
Başlığın Kalan Koca-Memi (Memi-Can) Paşa ailesinin tarihçesi
Sorumluluk Tablosu, Vb Fazıl Bülent Kocamemi
246 ## - UNVAN FORM VARYING
Başlık Doğru / Kısa Başlığı Koca-Memi (Memi-Can) Paşa ailesinin tarihçesi
260 ## - YAYIN, DAĞITIM, VB
Yayın, Dağıtım, Vb Yeri İstanbul
Yayıncı, Dağıtıcı, Vs Adı Ötüken
Yayın, Dağıtım, Vb Tarihi 2005
300 ## - FİZİKSEL TANIM
Kapsam 220 , 44 s.
Boyutlar 19 sm.
490 ## - SERİSİ TABLOSU
Seri Beyanı Edebi eserler
Hacim / Ardışık Tanımı 274
600 ## - KONU KATMA GİRİŞ - KURUMSAL ADI
Kişisel Ad Kocamemi, Fazıl Bülent
Genel Alt Bölümü Yaşamöyküsü
650 ## - KONU KATMA GİRİŞ - TOPİKAL DÖNEM
Topikal Süreli Veya Coğrafi Ad Giriş Elemanı Aile tarihçesi
650 ## - KONU KATMA GİRİŞ - TOPİKAL DÖNEM
Topikal Süreli Veya Coğrafi Ad Giriş Elemanı Devlet adamlarının aileleri
Genel Alt Bölümü Kocamemi ailesi
Kronolojik Alt Bölümü Yaşamöyküsü
942 ## - EKLENDİ GİRİŞ ELEMANLARI (KOHA)
Sınıflandırma Veya Raf Düzeni Kaynak Dewey Decimal Classification
Koha Öğesi Türü Books
999 ## - SİSTEM KONTROL NUMARALARI (KOHA)
Koha Biblionumber 4812
Koha Biblioitemnumber 4812
Holdings
Kalıcı Konum Mevcut Konum Edinme Tarihi Edinim Kaynak Toplam Check-Out'Lar Tam Çağrı Numarası Barkod Tarih Son Görülme İtibaren Geçerli Fiyatlar Koha Öğesi Türü
CHP Kütüphanesi CHP Kütüphanesi 09/02/2016 Bağış   929.2 Kocamemi,F.B. K61b 2005 002769 09/02/2016 09/02/2016 Books